000 00587nam a2200229Ia 4500
005 20260320201739.0
008 008 262003s9999 xx 000 0 eng d
037 _aEBOOK
040 _aCRL
040 _beng
040 _cCRL
041 _2eng
041 _aeng
084 _qCRL
100 _aKirshner
_91135829
245 4 _aThe Extravagant Universe: Exploding Stars, Dark Energy, and the Accelerating Cosmos
260 _bIEEE
856 _uhttps://ieeexplore.ieee.org/servlet/opac?bknumber=9453283
942 _cEBOOK
999 _c1723299
_d1723299